skbl

Dr Suryya Kumar Bhuyan Library Web-OPAC
ডঃ সূৰ্য্য
কুমাৰ ভূঞা পুথিভঁৰাল ৱেব-অ'পেক

All Research Scholars are advised to clear the annual library fees to continue using Library Resources, Remote Access, Plagiarism Test and Library Clearance.

Cotton University Book Fair 2026

A Handbook of Economic Geology / (Record no. 7238)

MARC details
000 -LEADER
fixed length control field 00947nam a2200373Ia 4500
001 - CONTROL NUMBER
control field 7251
005 - DATE AND TIME OF LATEST TRANSACTION
control field 20240113234005.0
007 - PHYSICAL DESCRIPTION FIXED FIELD--GENERAL INFORMATION
fixed length control field ta
008 - FIXED-LENGTH DATA ELEMENTS--GENERAL INFORMATION
fixed length control field 050704s1993 a g b000 u eng u
020 ## - INTERNATIONAL STANDARD BOOK NUMBER
Terms of availability HB
040 ## - CATALOGING SOURCE
Original cataloging agency Coptton College,Assa
041 ## - LANGUAGE CODE
Language code of text/sound track or separate title eng
082 ## - DEWEY DECIMAL CLASSIFICATION NUMBER
Classification number 553
Item number Se 55 Ha
100 ## - MAIN ENTRY--PERSONAL NAME
Personal name Sen, Ajoy Kumar .
245 #0 - TITLE STATEMENT
Title A Handbook of Economic Geology /
Statement of responsibility, etc. Ajoy Kumar Sen, P.K. Guha.
Medium Textual Documents
250 ## - EDITION STATEMENT
Edition statement 3rd ed. /
260 ## - PUBLICATION, DISTRIBUTION, ETC.
Place of publication, distribution, etc. Calcutta :
Name of publisher, distributor, etc. Modern Book Agency ,
Date of publication, distribution, etc. 1993.
300 ## - PHYSICAL DESCRIPTION
Extent vii, 332p. :
Other physical details ill. ;
Dimensions 22cm .
504 ## - BIBLIOGRAPHY, ETC. NOTE
Bibliography, etc. note Index
653 ## - INDEX TERM--UNCONTROLLED
Uncontrolled term Geology-Economic geology
653 ## - INDEX TERM--UNCONTROLLED
Uncontrolled term Economic geology
653 ## - INDEX TERM--UNCONTROLLED
Uncontrolled term PG-Geology
653 ## - INDEX TERM--UNCONTROLLED
Uncontrolled term G-Geology
653 ## - INDEX TERM--UNCONTROLLED
Uncontrolled term T/G-Geology
700 ## - ADDED ENTRY--PERSONAL NAME
Personal name Guha, P.K. .
942 ## - ADDED ENTRY ELEMENTS (KOHA)
Source of classification or shelving scheme Dewey Decimal Classification
Koha item type Books
Holdings
Withdrawn status Lost status Damaged status Not for loan Collection Home library Current library Date acquired Coded location qualifier Total checkouts Full call number Barcode Date last seen Copy number Price effective from Koha item type
          Dr. Suryya Kumar Bhuyan Library Dr. Suryya Kumar Bhuyan Library 01/02/2012 00000   553 Se 55 Ha 356/Geol 13/01/2024 3 01/02/2012 Books
          Dr. Suryya Kumar Bhuyan Library Dr. Suryya Kumar Bhuyan Library 01/02/2012 00000   553 Se 55 Ha 332/geol 13/01/2024 6 01/02/2012 Books
          Dr. Suryya Kumar Bhuyan Library Dr. Suryya Kumar Bhuyan Library 01/02/2012 00000   553 Se 55 Ha 333/Geol 13/01/2024 1 01/02/2012 Books
          Dr. Suryya Kumar Bhuyan Library Dr. Suryya Kumar Bhuyan Library 01/02/2012 00000   553 Se 55 Ha 334/Geol 13/01/2024 4 01/02/2012 Books
          Dr. Suryya Kumar Bhuyan Library Dr. Suryya Kumar Bhuyan Library 01/02/2012 00000   553 Se 55 Ha 336/Geol 13/01/2024 5 01/02/2012 Books
          Dr. Suryya Kumar Bhuyan Library Dr. Suryya Kumar Bhuyan Library 01/02/2012 00000   553 Se 55 Ha 355/Geol 13/01/2024 2 01/02/2012 Books

Designed and Maintained by Team SKBL
©1901-2026

Powered by Koha